| 000 | 00715nam a2200241Ia 4500 | ||
|---|---|---|---|
| 003 | OSt | ||
| 005 | 20220918215716.0 | ||
| 006 | a|||||r|||| 00| 0 | ||
| 007 | ta | ||
| 008 | 220917b |||||||| |||| 00| 0 eng d | ||
| 024 | _a142,221 | ||
| 037 | _cTextual | ||
| 040 |
_aARTS _cARTS _beng |
||
| 041 |
_2eng _aeng |
||
| 082 | _aY1:R17, K7 | ||
| 100 |
_aGaltung Johan _997217 |
||
| 245 | 0 | _aTheory and methods of social research | |
| 260 |
_aNewYork _bOSLO : Universitets for Laget _c1967 |
||
| 490 | _aBasic social sciences monographs from the international peace research institute Oslo; 1 | ||
| 650 | _aSOCIOLOGY | ||
| 942 |
_hY1:R17, K7 _cTEXL _2CC |
||
| 999 |
_c265180 _d265180 |
||